000
00284 a2200145 4500
001
177538
020
_a
040
_c
Magnum
100
_a
Grafalco
240
1
0
_a
Caperucita roja
_l
ESP
245
1
0
_a
Caperucita roja
362
0
_a
1899
697
_a
MAGNITO: I/CONTO
942
_c
BK
999
_c
177538
_d
177538